Science Quiz

Random Science or Clickable Quiz
Score 0/18 Timer 01:00
5 Plays Today
% Correct
Catfish
95.5%
Clownfish
95.2%
Goldfish
94.7%
Swordfish
94.5%
Angelfish
92.8%
Blowfish
91.8%
Dogfish
86.6%
Sunfish
84.7%
Zebrafish
83.1%
% Correct
Rockfish
80%
Stonefish
78.3%
Sawfish
76.7%
Sailfish
75.6%
Moonfish
68.6%
Pipefish
65.1%
Damselfish
64.1%
Hogfish
61.2%
Wolffish
56.9%
Remove Ads.
Support Sporcle.
Get the best of Sporcle when you Go Orange. This ad-free experience offers more features, more stats, and more fun while also helping to support Sporcle. Thank you for becoming a member.

You're not logged in!

Compare scores with friends on all Sporcle quizzes.
OR
Log In

Show Comments

Extras

Top Quizzes Today


Score Distribution

Your Account Isn't Verified!

In order to create a playlist on Sporcle, you need to verify the email address you used during registration. Go to your Sporcle Settings to finish the process.

Report this User

Report this user for behavior that violates our Community Guidelines.

Details: